| 000 | 02149cam a22005057a 4500 | ||
|---|---|---|---|
| 003 | CHAP | ||
| 005 | 20220817043442.0 | ||
| 008 | 980604d1994 mx ab r 00110 spa d | ||
| 010 | _a75716 | ||
| 011 | _a76688 | ||
| 020 | _a9687482001 | ||
| 035 | _a86274 | ||
| 040 | _cCHAP | ||
| 082 | 0 | 4 |
_a338.9726 _bT31 |
| 110 | 1 | _aTabasco. Gobierno del Estado | |
| 245 | 1 | 0 |
_aEstudio de gran visión : _buna estrategia para el impulso económico de Tabasco _c/por Gobierno del Estado de Tabasco |
| 260 |
_aMéxico, D.F. : _bGobierno del Estado de Tabasco, _c1994. |
||
| 300 |
_a3 v. : _bilus. ; gráfs. ; mapas. ; cuadros |
||
| 500 | _aContenido : v.1 Resumen ejecutivo -- v.2 Perfil competitivo -- v.3 Diagnóstico sectorial | ||
| 590 |
_aBATCH-UPD _b10 _c20130110 _lUCH01 _h0001 |
||
| 590 |
_aBATCH-UPD _b10 _c20130110 _lUCH01 _h1140 |
||
| 590 |
_aBATCH-UPD _b10 _c20130410 _lUCH01 _h0726 |
||
| 590 |
_aBATCH-UPD _b10 _c20130913 _lUCH01 _h2246 |
||
| 590 |
_aCONVERSION _b10 _c20130109 _lUCH01 _h1341 |
||
| 650 | 1 | 4 |
_aAgricultura _xTabasco. _91830 |
| 650 | 1 | 4 |
_aBosques _xTabasco. _914396 |
| 650 | 1 | 4 |
_aClima _zTabasco. _923857 |
| 650 | 1 | 4 |
_aGanadería _zTabasco. _944869 |
| 650 | 1 | 4 |
_aIndustria _xTabasco. _957767 |
| 650 | 1 | 4 |
_aRecursos naturales _zTabasco. _995333 |
| 650 | 1 | 4 |
_aTabasco _xCondiciones económicas. _9111269 |
| 650 | 1 | 4 |
_aTabasco _xCondiciones sociales. _9111271 |
| 901 | _aBK | ||
| 905 | _aMayto Villalobos S. | ||
| 942 | _cLIBRO | ||
| 949 |
_a338.9726 T31 _bBC _cC _d33724000691127 _eC _fv.3 c.3 _h93288 _i86274 _sb |
||
| 949 |
_a338.9726 T31 _bBC _cC _d33724000691135 _eC _fv.3 c.2 _h93287 _i86274 _sb |
||
| 949 |
_a338.9726 T31 _bBC _cC _d33724000691143 _eC _fv.3 _h93286 _i86274 _sb |
||
| 949 |
_a338.9726 T31 _bBC _cC _d33724000691150 _eC _fv.2 c.3 _h93285 _i86274 _sb |
||
| 949 |
_a338.9726 T31 _bBC _cC _d33724000691168 _eC _fv.2 c.2 _h93284 _i86274 _sb |
||
| 949 |
_a338.9726 T31 _bBC _cC _d33724000691259 _eC _fv.1 c.2 _h93281 _i86274 _sb |
||
| 949 |
_a338.9726 T31 _bBC _cC _d33724000691267 _eC _fv.1 c.3 _h93282 _i86274 _sb |
||
| 949 |
_a338.9726 T31 _bBC _cC _d33724000691275 _eC _fv.2 _h93283 _i86274 _sb |
||
| 949 |
_a338.9726 T31 _bBC _cC _d33724000691283 _eC _fv.1 _h93280 _i86274 _sb |
||
| 999 |
_c75716 _d75716 |
||